Los dias del fuego. (Registro nro. 2804)

Detalles MARC
000 -LEADER
fixed length control field 01180nam a2200217 a 4500
005 - FECHA ULTIMA MODIFICACION
control field 20241018130546.0
008 - CAMPO DE CONTROL (LIBRO)
fixed length control field 100630t2013||||ag |||g p 1p0dspa d
020 ## - INTERNATIONAL STANDARD BOOK NUMBER
ISBN 9789875782167
041 ## - CODIGO DE IDIOMA
Código de idioma del texto/pista de sonido o título separado spa
092 ## - SIGNATURA TOPOGRAFICA DEWEY LOCAL
número de clasificación 808
libristica 8
sección BOD
100 1# - ENTRADA PRINCIPAL--NOMBRE PERSONAL
Nombre personal Bodoc, Liliana
9 (RLIN) 3934
245 #4 - TITULO PROPIAMENTE DICHO
Título Los dias del fuego.
Mención de responsabilidad y remanente de la transcripción de la portada Liliana Bodoc
250 ## - MENCION DE EDICION
Mención de edición 1a ed.
260 ## - PIE DE IMPRENTA
Lugar de publicación, distribución, etc Buenos Aires:
Nombre de la editorial, distribuidor, etc Punto de lectura;
Fecha de publicación 2013.
300 ## - DESCRIPCION FISICA
Extension 480 p.
Dimensiones 19x13 cm.
500 ## - NOTA GENERAL
Nota general Bodoc, L. (2013). Los días del fuego. (1a ed.). Buenos Aires : Punto de Lectura.
505 ## - NOTA DE CONTENIDO
Nota de contenido formateada El odio no suele debilitarse con las caídas sino al contrario. Se levanta, brutal, y ruge hacia los cuatro puntos cardinales. Pero el amor tampoco se debilita con las caídas sino al contrario. Se levanta, lastimado, y canta. Ahora las Tierra Antiguas se unen a las Tierras Fértiles para librar una guerra definitiva. El hijo de la muerte conduce las batallas, sentado en su monte. Su madre lo observa desde la distancia. La guerra, la política y la magia deberán coincidir si desean permanecer. ¿Será eso posible?
590 ## - NOTAS LOCALES (RLIN)
Nota local Proyecto 4to Libro. Donación Victoria Lara, Mayo 2018.
655 ## - MATERIA - GENERO/FORMA
Género/Forma Literatura
-- 2917
942 ## - ADDED ENTRY ELEMENTS (KOHA)
Source of classification or shelving scheme Library of Congress Classification
Item type LITERATURA
Existencias
Estado de retiro Existencia Fuente de clasificación Estado general No para prestamo Ubicación permanente ubicación actual Sala de ubicación Fecha de adquisición Fuente de adquisición Total Checkouts Total Renewals Número de clasificación Código de barras Date last seen Date last borrowed Número de ejemplar Price effective from Koha tipo de elemento (item) Public note
    Dewey Decimal Classification     Biblioteca Medicina Biblioteca Medicina Circulación 28/05/2018 Donación Victoria Lara, mayo 2018 1 5 808 8 BOD 4271 31/03/2021 17/12/2019 Ej. 1 28/05/2018 LITERATURA Proyecto 4to libro. Donación Victoria Lara, mayo 2018

UNIVERSIDAD NACIONAL DEL COMAHUE
Biblioteca de la Facultad de Ciencias Médicas
Sede Toschi: Los Arrayanes y Av. Toschi, Cipolletti  - Rio Negro
Sede Los Tordos:  Yrigoyen al 2211, Cipolletti - Rio Negro 

Teléfono: 0299 - 4774707 int 25
Contacto: biblioteca@facimed.uncoma.edu.ar
© 2011 - 2026